000 00296pam a2200145 a 4500
020 _c
041 _h
100 _aByron S. Gottfried
245 _aTheory and Problems of Programming with Basic
250 _aIIIrd
260 _c1991
300 _a386
653 _aComputer
930 _a910
999 _c246763
_d246763